Chemawa, Or. (189?-198?)
| LDR | 02535cas a2200553 a 4500 | |
| 001 | ocm23137482 | |
| 003 | OCoLC | |
| 005 | 20140902015645.0 | |
| 008 | 910222d189u198uoruwr p 0 0eng c | |
| 010 | $a ca 15001324 | |
| 040 | $a IXA $b eng $c IXA $d OCL $d OCLCQ $d OSO $d OCLCQ $d DLC $d OCLCQ $d ZAD $d OCLCA $d OCLCF | |
| 019 | $a 6221091 | |
| 035 | $a (OCoLC)23137482 $z (OCoLC)6221091 | |
| 042 | $a pcc $a premarc | |
| 043 | $a n-us-or | |
| 050 | 00 | $a E97.6.C3 $b C4 |
| 092 | $a 371.975 $b S16c | |
| 049 | $a ORUM | |
| 245 | 00 | $a Weekly Chemawa American. |
| 246 | 1 | $i Issues for <v. 15, no. 2-v. 77, no. 3> have title: $a Chemawa American |
| 260 | $a Chemawa, Or. : $b Salem Indian Training School | |
| 300 | $a v. : $b ill. ; $c 26 cm. | |
| 310 | $a Irregular, $b <1969>- | |
| 321 | $a Weekly, $b -Sept. 23, 1931 | |
| 321 | $a Biweekly, $b Oct. 7, 1931- | |
| 515 | $a Published during the school year. | |
| 515 | $a Publication suspended 1949-1951. | |
| 530 | $a Also issued on microfilm from Library of Congress Preservation Microfilming Program. | |
| 530 | $a Also issued on microfiche through Clearwater publishing. | |
| 550 | $a Issued -Dec. 5, 1928 by: the Salem Indian Training School; Dec. 12 1928-<Apr. 11, 1933> by: the U.S. Indian School; <Dec. 10, 1937>- by: the Chemawa Vocational School; and <Jan. 1969-Feb. 1983> by: the Chemawa Indian School. | |
| 588 | $a Description based on: Vol. 7, no. 33 (Sept. 9, 1904); title from cover. | |
| 588 | $a Latest issue consulted: Vol. 77, no. 3 (Feb. 4, 1983). | |
| 610 | 20 | $a Salem Indian Training School (Chemawa, Salem, Or.) $v Periodicals. |
| 650 | 0 | $a Indians of North America $x Education $z Oregon $v Periodicals. |
| 650 | 0 | $a Indians of North America $z Oregon $v Periodicals. |
| 610 | 27 | $a Salem Indian Training School (Chemawa, Salem, Or.) $2 fast $0 (OCoLC)fst00667354 |
| 650 | 7 | $a Indians of North America. $2 fast $0 (OCoLC)fst00969633 |
| 650 | 7 | $a Indians of North America $x Education. $2 fast $0 (OCoLC)fst00969714 |
| 651 | 7 | $a Oregon. $2 fast $0 (OCoLC)fst01204579 |
| 655 | 7 | $a Periodicals. $2 fast $0 (OCoLC)fst01411641 |
| 710 | 2 | $a Salem Indian Training School (Chemawa, Salem, Or.) |
| 710 | 2 | $a U.S. Indian School (Chemawa, Salem, Or.) |
| 710 | 2 | $a Chemawa Vocational School. |
| 710 | 2 | $a Chemawa Indian School. |
| 752 | $a United States $b Oregon $c Marion $d Salem. | |
| 776 | 1 | $c Microfilm $d Library of Congress Preservation Microfilming Program $w (DLC)sf 90091906 $w (OCoLC)21580312 |
| 776 | 1 | $c Microfiche $w (DLC) 2003238611 $w (OCoLC)8675118 |
| 850 | $a DLC $a TxU | |
| 994 | $a C0 $b ORU |